[Event "Peterborough 4NCL Easter U2000 op"]
[Site "Peterborough"]
[Date "2024.04.01"]
[Round "6"]
[White "Willow, Hambel M"]
[Black "Matthews, Adrian MS"]
[Result "1-0"]
[WhiteElo "1766"]
[BlackElo "1860"]
[PlyCount "75"]
[EventDate "2024.03.29"]
[EventType "swiss"]
[EventRounds "7"]
[EventCountry "ENG"]
[SourceTitle "CB14_2024"]
[SourceDate "2024.04.01"]
[SourceVersion "1"]
[SourceVersionDate "2024.04.01"]
[SourceQuality "1"]

1. d4 Nf6 2. c4 c5 3. d5 b5 4. cxb5 a6 5. Nc3 g6 6. e4 d6 7. Nf3 Bg4 8. h3 Bxf3 9. Qxf3 Nfd7 10. Bf4 Bg7 11. Bd3 0-0 12. 0-0 Ne5 13. Qe2 axb5 14. Bxb5 Nbd7 15. Bh2 Nb6 16. f4 Ned7 17. e5 c4 18. Bc6 Ra5 19. Rae1 Nc5 20. Qd2 Nd3 21. Re2 Bh6 22. exd6 exd6 23. b3 Ne5 24. Ne4 Nxc6 25. dxc6 Rd5 26. c7 Qe7 27. Qb4 Bg7 28. bxc4 Rd3 29. Qb1 Bd4+ 30. Kh1 Re3 31. Rxe3 Bxe3 32. c5 dxc5 33. Qxb6 Qxe4 34. Qb8 Qa8 35. Qxa8 Rxa8 36. Rb1 Kg7 37. Rb8 Rxa2 38. g3 1-0

[Event "Daventry 4NCL Easter op-B 3rd"]
[Site "Daventry"]
[Date "2023.04.09"]
[Round "5"]
[White "Willow, Hambel M"]
[Black "Webster, Vivien"]
[Result "1/2-1/2"]
[WhiteElo "1625"]
[BlackElo "1591"]
[PlyCount "72"]
[EventDate "2023.04.07"]
[EventType "swiss"]
[EventRounds "7"]
[EventCountry "ENG"]
[SourceTitle "EXT 2024"]
[Source "ChessBase"]
[SourceDate "2023.10.10"]
[SourceVersion "1"]
[SourceVersionDate "2023.10.10"]
[SourceQuality "1"]

1. d4 b6 2. c4 Bb7 3. Nc3 e6 4. e3 Nf6 5. Nf3 d5 6. cxd5 Nxd5 7. a3 Nxc3 8. bxc3 Bd6 9. Bd3 0-0 10. 0-0 Nd7 11. e4 h6 12. e5 Be7 13. Re1 c5 14. Bf4 cxd4 15. cxd4 Rc8 16. Qe2 Rc3 17. Qe3 Nc5 18. Bh7+ Kxh7 19. Qxc3 Bxf3 20. dxc5 Bd5 21. cxb6 Qxb6 22. Rab1 Qa6 23. Qc7 Qxa3 24. Ra1 Qb4 25. Bg3 Rb8 26. Qc2+ g6 27. Rab1 Bb3 28. Qd3 a5 29. Re4 Qc5 30. Qd4 Qc2 31. Ree1 Bc5 32. Qd7 Qf5 33. Qc7 Rb5 34. Qc6 Qd3 35. Qe8 Kg7 36. Rbc1 a4 1/2-1/2

[Event "Daventry 4NCL Easter op-B 2nd"]
[Site "Daventry"]
[Date "2022.04.16"]
[Round "3"]
[White "Nilsson, Adam"]
[Black "Willow, Hambel M"]
[Result "1/2-1/2"]
[WhiteElo "1744"]
[BlackElo "1751"]
[PlyCount "45"]
[EventDate "2022.04.15"]
[EventType "swiss"]
[EventRounds "7"]
[EventCountry "ENG"]
[SourceTitle "CBM 207 Extra"]
[Source "ChessBase"]
[SourceDate "2022.05.31"]
[SourceVersion "1"]
[SourceVersionDate "2022.05.31"]
[SourceQuality "1"]

1. d4 Nf6 2. Bf4 d5 3. e3 Bf5 4. c4 e6 5. Qb3 Qc8 6. Nc3 c6 7. Nf3 Nbd7 8. Nh4 Bg6 9. Nxg6 hxg6 10. h3 dxc4 11. Bxc4 Nb6 12. Bd3 Nbd5 13. Bh2 Nxc3 14. bxc3 Qd7 15. Rb1 b6 16. a4 Bd6 17. Bxd6 Qxd6 18. a5 Rb8 19. Qb4 Qxb4 20. Rxb4 0-0 21. axb6 axb6 22. 0-0 c5 23. dxc5 1/2-1/2

[Event "Daventry 4NCL Easter op-B 2nd"]
[Site "Daventry"]
[Date "2022.04.15"]
[Round "1"]
[White "Tart, Peter K"]
[Black "Willow, Hambel M"]
[Result "1-0"]
[WhiteElo "1962"]
[BlackElo "1751"]
[PlyCount "111"]
[EventDate "2022.04.15"]
[EventType "swiss"]
[EventRounds "7"]
[EventCountry "ENG"]
[SourceTitle "CBM 207 Extra"]
[Source "ChessBase"]
[SourceDate "2022.05.31"]
[SourceVersion "1"]
[SourceVersionDate "2022.05.31"]
[SourceQuality "1"]

1. e4 c6 2. d4 d5 3. exd5 cxd5 4. Bd3 Nf6 5. h3 e6 6. Nf3 Bd6 7. 0-0 Nc6 8. c3 0-0 9. Re1 h6 10. Ne5 Qc7 11. Bf4 Nd7 12. Qh5 Bxe5 13. dxe5 Nc5 14. Bc2 f5 15. Nd2 Qf7 16. Qxf7+ Rxf7 17. h4 b6 18. Nb3 Ba6 19. Rad1 Rc8 20. Nd4 Nxd4 21. Rxd4 Ne4 22. f3 Nc5 23. g4 fxg4 24. Bg6 Rff8 25. fxg4 Bb5 26. g5 Be8 27. Bxe8 Rcxe8 28. gxh6 Rxf4 29. Rxf4 Nd3 30. Ref1 Nxf4 31. Rxf4 gxh6 32. Rf6 Kg7 33. Kg2 Re7 34. Kg3 h5 35. Kf4 b5 36. Kg5 b4 37. Kxh5 bxc3 38. bxc3 Rc7 39. Rxe6 Rxc3 40. Rd6 Ra3 41. Rxd5 Rxa2 42. Rd7+ Kf8 43. Kg6 a5 44. h5 a4 45. h6 a3 46. h7 Rg2+ 47. Kf6 Rf2+ 48. Ke6 Rh2 49. Rf7+ Ke8 50. Ra7 Rh6+ 51. Kf5 a2 52. Rxa2 Rxh7 53. Ra8+ Kf7 54. Ra7+ Kg8 55. Rxh7 Kxh7 56. Kf6 1-0

[Event "Harrogate 4NCL op-B 27th"]
[Site "Harrogate"]
[Date "2022.01.23"]
[Round "5"]
[White "Hall, David G"]
[Black "Willow, Hambel M"]
[Result "0-1"]
[WhiteElo "1844"]
[BlackElo "1784"]
[PlyCount "56"]
[EventDate "2022.01.21"]
[EventType "swiss"]
[EventRounds "5"]
[EventCountry "ENG"]
[SourceTitle "CBM 206 Extra"]
[Source "ChessBase"]
[SourceDate "2022.03.31"]
[SourceVersion "1"]
[SourceVersionDate "2022.03.31"]
[SourceQuality "1"]

1. d4 Nf6 2. Nf3 d5 3. c4 e6 4. Nbd2 Nbd7 5. Qc2 g6 6. g3 Bg7 7. Bg2 0-0 8. 0-0 Re8 9. b3 c6 10. Bb2 Qc7 11. h3 b6 12. Rac1 Bb7 13. Rfd1 c5 14. cxd5 exd5 15. e3 Rac8 16. dxc5 bxc5 17. b4 c4 18. Bd4 a6 19. Nb1 Bc6 20. Nc3 Nb6 21. Ra1 Bd7 22. a4 Bf5 23. Qb2 Nfd7 24. Nxd5 Nxd5 25. Bxg7 c3 26. Qb3 Be6 27. Be5 Nxe5 28. Nxe5 Nxe3 0-1

[Event "Harrogate 4NCL op-B 27th"]
[Site "Harrogate"]
[Date "2022.01.22"]
[Round "2"]
[White "Webb, Nicholas"]
[Black "Willow, Hambel M"]
[Result "1-0"]
[WhiteElo "1712"]
[BlackElo "1784"]
[PlyCount "111"]
[EventDate "2022.01.21"]
[EventType "swiss"]
[EventRounds "5"]
[EventCountry "ENG"]
[SourceTitle "CBM 206 Extra"]
[Source "ChessBase"]
[SourceDate "2022.03.31"]
[SourceVersion "1"]
[SourceVersionDate "2022.03.31"]
[SourceQuality "1"]

1. c4 Nf6 2. Nc3 e5 3. g3 Nc6 4. Bg2 g6 5. d3 Bg7 6. e4 d6 7. Nge2 Be6 8. 0-0 Qd7 9. Nd5 h6 10. Bd2 Bg4 11. f3 Be6 12. b4 Ne7 13. a4 c6 14. Nxe7 Qxe7 15. Bc3 Rd8 16. Qc2 h5 17. Qb2 0-0 18. f4 Ng4 19. Rf3 h4 20. h3 Nh6 21. fxe5 dxe5 22. Bxe5 Bxe5 23. Qxe5 Qxb4 24. Nf4 Rfe8 25. Nxe6 Rxe6 26. Qg5 Qf8 27. Qxh4 Red6 28. Bf1 Qg7 29. Rb1 R8d7 30. Qf4 g5 31. Qe3 g4 32. Rf4 gxh3 33. Be2 Rg6 34. Kh2 Ng4+ 35. Bxg4 Rxg4 36. Rxg4 Qxg4 37. Rf1 Rd6 38. Rf5 Rg6 39. Qf3 Qxf3 40. Rxf3 Rh6 41. g4 Rh4 42. Rxh3 Rxg4 43. Rg3 Rxg3 44. Kxg3 Kg7 45. Kf4 Kf6 46. c5 Ke6 47. a5 a6 48. d4 f6 49. Kg4 Ke7 50. Kf5 Kf7 51. e5 fxe5 52. dxe5 Ke7 53. e6 Ke8 54. Kf6 Kf8 55. e7+ Ke8 56. Ke6 1-0

[Event "Checkmate Covid Rematch"]
[Site "Chess.com INT"]
[Date "2021.06.06"]
[Round "?"]
[White "Ghasi, Ameet K"]
[Black "Willow, Hambel M"]
[Result "1-0"]
[WhiteElo "2485"]
[BlackElo "1595"]
[PlyCount "21"]
[EventDate "2021.06.05"]
[EventType "swiss (blitz)"]
[EventRounds "20"]
[EventCountry "ENG"]
[SourceTitle "CBM 202 Extra"]
[Source "ChessBase"]
[SourceDate "2021.07.31"]
[SourceVersion "1"]
[SourceVersionDate "2021.07.31"]
[SourceQuality "1"]

1. g3 Nf6 2. Bg2 d5 3. d3 c5 4. Nc3 e6 5. e4 Nc6 6. exd5 exd5 7. Bf4 Bd6 8. Qe2+ Qe7 9. Bxd6 Qxe2+ 10. Ngxe2 d4 11. Nb5 1-0

[Event "Checkmate Covid Rematch"]
[Site "Chess.com INT"]
[Date "2021.06.05"]
[Round "?"]
[White "Starley, Robert"]
[Black "Willow, Hambel M"]
[Result "1-0"]
[WhiteElo "2084"]
[BlackElo "1595"]
[PlyCount "47"]
[EventDate "2021.06.05"]
[EventType "swiss (blitz)"]
[EventRounds "20"]
[EventCountry "ENG"]
[SourceTitle "CBM 202 Extra"]
[Source "ChessBase"]
[SourceDate "2021.07.31"]
[SourceVersion "1"]
[SourceVersionDate "2021.07.31"]
[SourceQuality "1"]

1. e4 c6 2. d4 d5 3. e5 Bf5 4. h4 h5 5. Bg5 Qc7 6. Bd3 Bxd3 7. Qxd3 e6 8. Nc3 Be7 9. Nf3 Nd7 10. 0-0 a6 11. a4 c5 12. a5 cxd4 13. Qxd4 Bc5 14. Qf4 Ne7 15. Bxe7 Bxe7 16. Ng5 Bxg5 17. Qxg5 Qxe5 18. Qxe5 Nxe5 19. Rfe1 Nc4 20. Nxd5 0-0-0 21. Ne3 Nxb2 22. Reb1 Nd3 23. cxd3 Rxd3 24. Nc4 1-0

[Event "Checkmate Covid Rematch"]
[Site "Chess.com INT"]
[Date "2021.06.05"]
[Round "?"]
[White "Willow, Hambel M"]
[Black "Cox, Tristan"]
[Result "0-1"]
[WhiteElo "1595"]
[BlackElo "2141"]
[PlyCount "72"]
[EventDate "2021.06.05"]
[EventType "swiss (blitz)"]
[EventRounds "20"]
[EventCountry "ENG"]
[SourceTitle "CBM 202 Extra"]
[Source "ChessBase"]
[SourceDate "2021.07.31"]
[SourceVersion "1"]
[SourceVersionDate "2021.07.31"]
[SourceQuality "1"]

1. d4 d6 2. c4 e5 3. dxe5 dxe5 4. Qxd8+ Kxd8 5. Nc3 c6 6. e4 Bc5 7. Nf3 f6 8. Bd2 Kc7 9. 0-0-0 Be6 10. Be2 Ne7 11. a3 a5 12. Na2 a4 13. Rhe1 Bxf2 14. Rf1 Bc5 15. Bc3 Nd7 16. Bb4 Bxb4 17. Nxb4 Nc5 18. Nd2 Rhd8 19. h3 Rd4 20. Nf3 Rxe4 21. Bd3 Re3 22. Kc2 Nxd3 23. Rxd3 Rxd3 24. Kxd3 Rd8+ 25. Kc3 Nf5 26. g4 Ne3 27. Re1 Nxc4 28. Nc2 b5 29. Ne3 Nxe3 30. Rxe3 c5 31. Rd3 Rxd3+ 32. Kxd3 Kc6 33. g5 e4+ 34. Kxe4 Bd5+ 35. Kf4 Bxf3 36. Kxf3 fxg5 0-1

[Event "GBR-ch Soanes op 106th"]
[Site "Torquay"]
[Date "2019.07.28"]
[Round "4"]
[White "McClatchey, Rob"]
[Black "Willow, Hambel M"]
[Result "1/2-1/2"]
[WhiteElo "1712"]
[BlackElo "1569"]
[PlyCount "87"]
[EventDate "2019.07.26"]
[EventType "swiss"]
[EventRounds "5"]
[EventCountry "ENG"]
[SourceTitle "EXT 2021"]
[Source "ChessBase"]
[SourceDate "2020.10.23"]
[SourceVersion "1"]
[SourceVersionDate "2020.10.23"]
[SourceQuality "1"]

1. e4 c6 2. d4 d5 3. Nc3 dxe4 4. Nxe4 Bf5 5. Ng3 Bg6 6. Bc4 e6 7. N1e2 Bd6 8. 0-0 Nf6 9. c3 Qc7 10. Bg5 Nbd7 11. Bb3 0-0 12. Rc1 Rfe8 13. Bc2 Bxc2 14. Qxc2 h6 15. Be3 Rac8 16. h3 Nd5 17. Ne4 Nxe3 18. fxe3 e5 19. Rf3 Nb6 20. Rcf1 Re7 21. N2g3 g6 22. Rf6 Nc4 23. Qe2 exd4 24. Qxc4 Bxg3 25. Nxg3 Qxg3 26. Rxf7 Qxe3+ 27. Kh1 Qe6 28. Qxe6 Rxe6 29. cxd4 Re1 30. Rxe1 Kxf7 31. Kg1 Rd8 32. Re4 Kf6 33. Kf2 Rd6 34. Rf4+ Ke6 35. Ke3 g5 36. Rf8 Ke7 37. Rh8 Re6+ 38. Kd3 Kd6 39. Rh7 Rf6 40. Rxb7 Rf2 41. Rh7 Rxb2 42. Rxh6+ Kd5 43. g4 Rxa2 44. Kc3 1/2-1/2

[Event "GBR-ch Soanes op 106th"]
[Site "Torquay"]
[Date "2019.07.27"]
[Round "2"]
[White "Dolamore, John E"]
[Black "Willow, Hambel M"]
[Result "1/2-1/2"]
[WhiteElo "1735"]
[BlackElo "1569"]
[PlyCount "83"]
[EventDate "2019.07.26"]
[EventType "swiss"]
[EventRounds "5"]
[EventCountry "ENG"]
[SourceTitle "EXT 2021"]
[Source "ChessBase"]
[SourceDate "2020.10.23"]
[SourceVersion "1"]
[SourceVersionDate "2020.10.23"]
[SourceQuality "1"]

1. e4 c6 2. d4 d5 3. exd5 cxd5 4. Nf3 Nc6 5. h3 Nf6 6. c3 e6 7. Bd3 Bd6 8. Bg5 h6 9. Be3 Qc7 10. Nbd2 0-0 11. Qc2 Re8 12. 0-0 Bd7 13. a3 Rac8 14. Rac1 e5 15. dxe5 Nxe5 16. Nxe5 Bxe5 17. Nf3 Bf4 18. Bxf4 Qxf4 19. Qd2 Qxd2 20. Nxd2 Ne4 21. Nf3 Nc5 22. Bc2 Re7 23. Rfe1 Rce8 24. Rxe7 Rxe7 25. Nd4 Kf8 26. Rd1 Bc6 27. f3 Nd7 28. Kf2 Nb6 29. Bd3 g6 30. Rd2 Na4 31. Bb1 Nc5 32. Ba2 Ne6 33. Nxe6+ fxe6 34. Ke3 Kf7 35. g4 Kf6 36. h4 Rd7 37. f4 e5 38. fxe5+ Kxe5 39. Bb1 Rd6 40. g5 hxg5 41. hxg5 Bd7 42. Rd4 1/2-1/2

[Event "Midland-ch op Major"]
[Site "Telford"]
[Date "2018.08.12"]
[Round "5.9"]
[White "Sandhu, Manvith"]
[Black "Willow, Hambel M"]
[Result "1/2-1/2"]
[WhiteElo "1438"]
[BlackElo "1559"]
[PlyCount "65"]
[EventDate "2018.08.10"]
[EventType "swiss"]
[EventRounds "5"]
[EventCountry "ENG"]
[SourceTitle "EXT 2023"]
[Source "ChessBase"]
[SourceDate "2022.10.05"]
[SourceVersion "1"]
[SourceVersionDate "2022.10.05"]
[SourceQuality "1"]

1. e4 c6 2. d4 d5 3. e5 Bf5 4. Nf3 e6 5. Bd3 Bxd3 6. Qxd3 Nd7 7. 0-0 Ne7 8. Be3 Ng6 9. Nbd2 Be7 10. Rac1 0-0 11. c4 Rc8 12. c5 f6 13. exf6 Bxf6 14. Rfe1 e5 15. dxe5 Ndxe5 16. Nxe5 Nxe5 17. Qb3 Qd7 18. Bd4 Ng4 19. Bxf6 Nxf6 20. Nf3 Rce8 21. Rcd1 Qc7 22. Rxe8 Rxe8 23. Re1 Rxe1+ 24. Nxe1 Qe7 25. Nd3 Qe2 26. h3 Ne4 27. Kh2 Nxf2 28. Nxf2 Qxf2 29. Qxb7 Qxc5 30. Qc8+ Kf7 31. Qc7+ Kf6 32. Qf4+ Kg6 33. Qg4+ 1/2-1/2

[Event "Midland-ch op Major"]
[Site "Telford"]
[Date "2018.08.11"]
[Round "2.3"]
[White "James, Dai"]
[Black "Willow, Hambel M"]
[Result "1-0"]
[WhiteElo "1835"]
[BlackElo "1559"]
[PlyCount "61"]
[EventDate "2018.08.10"]
[EventType "swiss"]
[EventRounds "5"]
[EventCountry "ENG"]
[SourceTitle "EXT 2023"]
[Source "ChessBase"]
[SourceDate "2022.10.05"]
[SourceVersion "1"]
[SourceVersionDate "2022.10.05"]
[SourceQuality "1"]

1. e4 c6 2. d4 d5 3. exd5 cxd5 4. c4 e6 5. Nf3 Nf6 6. Nc3 Be7 7. Be2 0-0 8. 0-0 Nc6 9. b3 Re8 10. Be3 a6 11. c5 Qc7 12. Na4 Nd7 13. Rc1 Bf6 14. Qd2 b5 15. cxb6 Nxb6 16. Nc5 Bb7 17. Rc2 Nd7 18. Rfc1 Nxc5 19. Rxc5 Qd7 20. Bg5 Be7 21. Bxe7 Rxe7 22. b4 Rc8 23. b5 Nb8 24. Ne5 Qd8 25. bxa6 Rxc5 26. Rxc5 Nxa6 27. Bxa6 f6 28. Nc6 Bxc6 29. Rxc6 Qd7 30. Qc2 Qa7 31. Qc5 1-0

[Event "GBR-ch Major 104th"]
[Site "Llandudno"]
[Date "2017.08.06"]
[Round "9"]
[White "Willow, Hambel M"]
[Black "Golding, William"]
[Result "1/2-1/2"]
[WhiteElo "1802"]
[BlackElo "1517"]
[PlyCount "62"]
[EventDate "2017.07.29"]
[EventType "swiss"]
[EventRounds "9"]
[EventCountry "WLS"]
[SourceTitle "CBM 179 Extra"]
[Source "ChessBase"]
[SourceDate "2017.08.23"]
[SourceVersion "1"]
[SourceVersionDate "2017.08.23"]
[SourceQuality "1"]

1. d4 Nf6 2. c4 c5 3. d5 d6 4. Nc3 g6 5. Nf3 Bg7 6. e4 Na6 7. a3 Nc7 8. Bd3 0-0 9. 0-0 Bd7 10. e5 dxe5 11. Nxe5 Nfxd5 12. Nxd5 Bxe5 13. Re1 Bd6 14. Nc3 Ne6 15. Ne4 Qc7 16. Nxd6 exd6 17. Bh6 Rfe8 18. Qf3 Qd8 19. Qg3 Bc6 20. Rad1 Qf6 21. Bc1 Nd4 22. Bg5 Rxe1+ 23. Rxe1 Qg7 24. Qxd6 b6 25. Bf6 Qf8 26. Qxf8+ Kxf8 27. b4 Re8 28. Rxe8+ Kxe8 29. f3 Kd7 30. bxc5 bxc5 31. Kf2 a5 1/2-1/2

[Event "GBR-ch Major 104th"]
[Site "Llandudno"]
[Date "2017.07.31"]
[Round "3"]
[White "Ifalore, Michael"]
[Black "Willow, Hambel M"]
[Result "1-0"]
[WhiteElo "1911"]
[BlackElo "1802"]
[PlyCount "107"]
[EventDate "2017.07.29"]
[EventType "swiss"]
[EventRounds "9"]
[EventCountry "WLS"]
[SourceTitle "CBM 179 Extra"]
[Source "ChessBase"]
[SourceDate "2017.08.23"]
[SourceVersion "1"]
[SourceVersionDate "2017.08.23"]
[SourceQuality "1"]

1. d4 d5 2. Bf4 Nf6 3. e3 Bf5 4. c4 e6 5. Nc3 c6 6. Qb3 Qc8 7. Rc1 a6 8. cxd5 exd5 9. Be5 Nbd7 10. Nf3 h6 11. Be2 Be7 12. 0-0 0-0 13. a3 Re8 14. Qa2 Bd8 15. b4 Bc7 16. Bxc7 Qxc7 17. Nxd5 Nxd5 18. Qxd5 Be6 19. Qh5 Nf6 20. Qh4 Bd5 21. Ne5 Rxe5 22. dxe5 Qxe5 23. Bc4 Rd8 24. Bxd5 Rxd5 25. Rcd1 Ne4 26. Rxd5 Qxd5 27. Qg4 f5 28. Qd1 Nc3 29. Qxd5+ Nxd5 30. Re1 Kf7 31. e4 fxe4 32. Rxe4 Kf6 33. Re8 Nc7 34. Rb8 Nb5 35. Rxb7 Nxa3 36. Rb6 Kf7 37. Rxa6 Nc2 38. Rxc6 Nxb4 39. Rc7+ Kf6 40. g4 Nd5 41. Rc6+ Kf7 42. h4 Nf4 43. Kh2 Ne6 44. Kg3 g6 45. f4 Kf6 46. Kf3 h5 47. g5+ Kf5 48. Rxe6 Kxe6 49. Ke4 Kf7 50. Kd5 Ke7 51. Ke5 Kf7 52. Kd6 Kf8 53. Ke6 Kg7 54. Ke7 1-0

[Event "GBR-ch Major 104th"]
[Site "Llandudno"]
[Date "2017.07.30"]
[Round "2"]
[White "Willow, Hambel M"]
[Black "Burke, Mitchell R"]
[Result "0-1"]
[WhiteElo "1802"]
[BlackElo "2012"]
[PlyCount "46"]
[EventDate "2017.07.29"]
[EventType "swiss"]
[EventRounds "9"]
[EventCountry "WLS"]
[SourceTitle "CBM 179 Extra"]
[Source "ChessBase"]
[SourceDate "2017.08.23"]
[SourceVersion "1"]
[SourceVersionDate "2017.08.23"]
[SourceQuality "1"]

1. d4 g6 2. c4 Bg7 3. Nc3 Nf6 4. e4 d6 5. Nf3 0-0 6. h3 Nbd7 7. Bg5 e5 8. d5 h6 9. Bh4 a6 10. b4 Qe8 11. Bxf6 Nxf6 12. Qc2 Nh5 13. Rc1 f5 14. Bd3 Nf4 15. 0-0 Qf7 16. exf5 gxf5 17. Ne1 e4 18. Nxe4 fxe4 19. Bxe4 Bf5 20. Bxf5 Qxf5 21. Qxf5 Rxf5 22. Kh1 Ne2 23. g4 Rf7 0-1

[Event "BCF-ch Yates op"]
[Site "Coventry"]
[Date "2015.08.01"]
[Round "3"]
[White "Willow, Hambel M"]
[Black "Maber, Martyn J"]
[Result "1-0"]
[WhiteElo "122"]
[BlackElo "1358"]
[PlyCount "134"]
[EventDate "2015.07.31"]
[EventType "swiss"]
[EventRounds "5"]
[EventCountry "ENG"]
[SourceTitle "CBM 167 Extra"]
[Source "ChessBase"]
[SourceDate "2015.09.14"]
[SourceVersion "1"]
[SourceVersionDate "2015.09.14"]
[SourceQuality "1"]

1. d4 d5 2. c4 Nc6 3. Nf3 Bg4 4. Nc3 Bxf3 5. exf3 e5 6. cxd5 Nxd4 7. Be3 Bb4 8. Bxd4 exd4 9. Qxd4 Qe7+ 10. Qe4 0-0-0 11. Bc4 Bxc3+ 12. bxc3 Qxe4+ 13. fxe4 Nf6 14. f3 a6 15. 0-0 Rd7 16. Rfd1 Rhd8 17. Bb3 Ne8 18. c4 b6 19. Ba4 Re7 20. Bc6 Kb8 21. Rdb1 Ka7 22. a4 a5 23. Rb2 Rb8 24. Rab1 Nd6 25. Rc2 f5 26. Re1 fxe4 27. fxe4 Re5 28. Bb5 Rf8 29. g3 Nxb5 30. cxb5 Kb7 31. Rc4 Rfe8 32. Kg2 Rf8 33. Rec1 Rf7 34. Rf1 Rfe7 35. Kf3 Rf7+ 36. Ke2 Rfe7 37. Kd3 g6 38. Rf8 Rh5 39. h4 g5 40. Rf5 Rg7 41. e5 Rh6 42. Rxg5 Rxg5 43. hxg5 Rg6 44. Re4 Rxg5 45. g4 Kc8 46. Kd4 Kd7 47. e6+ Ke7 48. Rf4 Kd6 49. Kc4 Rxd5 50. Re4 Rc5+ 51. Kd3 Ke7 52. Kd4 Rg5 53. Kc4 Rc5+ 54. Kd3 Rg5 55. Kd4 h5 56. gxh5 Rxh5 57. Re5 Rh4+ 58. Kd5 Rxa4 59. Rf5 Rb4 60. Rf7+ Ke8 61. Rxc7 Rxb5+ 62. Kd6 Rc5 63. Rh7 Rf5 64. Rh8+ Rf8 65. Rxf8+ Kxf8 66. Kd7 a4 67. e7+ Kg7 1-0

[Event "BCF-ch U140"]
[Site "Coventry"]
[Date "2015.07.30"]
[Round "4"]
[White "Willow, Hambel M"]
[Black "Wiltshir, Richard"]
[Result "1-0"]
[WhiteElo "122"]
[BlackElo "138"]
[PlyCount "81"]
[EventDate "2015.07.27"]
[EventType "swiss"]
[EventRounds "5"]
[EventCountry "ENG"]
[SourceTitle "EXT 2016"]
[Source "ChessBase"]
[SourceDate "2015.10.08"]
[SourceVersion "1"]
[SourceVersionDate "2015.10.08"]
[SourceQuality "1"]

1. d4 Nf6 2. c4 g6 3. Nc3 Bg7 4. Nf3 d6 5. Bg5 0-0 6. e3 Nbd7 7. Bd3 c6 8. 0-0 Qa5 9. a3 e5 10. b4 Qc7 11. d5 c5 12. Nb5 Qb6 13. e4 a6 14. Nc3 Nxe4 15. Bxe4 f5 16. Bc2 e4 17. Nd2 Bxc3 18. Bh6 Rf7 19. Rb1 Qd8 20. Bf4 Be5 21. Bxe5 Nxe5 22. Qe2 b6 23. bxc5 bxc5 24. f3 exf3 25. Nxf3 Ng4 26. Rfe1 Bd7 27. h3 Nh6 28. Qd2 f4 29. Re4 Bf5 30. Rxf4 Bxc2 31. Rxf7 Nxf7 32. Qxc2 Ng5 33. Nxg5 Qxg5 34. Re1 Rb8 35. Qe2 Qf4 36. Qe6+ Kh8 37. Rf1 Qd4+ 38. Kh1 Qxc4 39. Qf6+ Kg8 40. Re1 Qxd5 41. Re7 1-0

[Event "BCF-ch U140"]
[Site "Coventry"]
[Date "2015.07.28"]
[Round "2"]
[White "Brown, Noel A"]
[Black "Willow, Hambel M"]
[Result "0-1"]
[WhiteElo "1711"]
[BlackElo "122"]
[PlyCount "96"]
[EventDate "2015.07.27"]
[EventType "swiss"]
[EventRounds "5"]
[EventCountry "ENG"]
[SourceTitle "EXT 2016"]
[Source "ChessBase"]
[SourceDate "2015.10.08"]
[SourceVersion "1"]
[SourceVersionDate "2015.10.08"]
[SourceQuality "1"]

1. e4 c6 2. Nf3 d5 3. Nc3 Bg4 4. exd5 cxd5 5. Bb5+ Nc6 6. d4 e6 7. 0-0 Nf6 8. Qd3 Bf5 9. Qe2 a6 10. Ba4 Bd6 11. Ne5 Qc7 12. f4 0-0 13. Nxc6 bxc6 14. h3 c5 15. dxc5 Bxc5+ 16. Kh2 d4 17. Nd1 Rfd8 18. Nf2 Bd6 19. Nd3 Nd5 20. g3 Rac8 21. Rf2 Nb6 22. Bb3 a5 23. a4 Re8 24. Bd2 Nd7 25. Qe1 Ra8 26. Qe2 Bxd3 27. cxd3 Rab8 28. Bc4 Rxb2 29. Rc1 Qb6 30. Bb5 Rxb5 31. axb5 Qxb5 32. Ra1 Ra8 33. Qf3 Ra7 34. Be1 Nc5 35. Rd2 a4 36. Bf2 Nb3 37. Rb2 a3 38. Bxd4 axb2 39. Rxa7 b1Q 40. Ra8+ Bf8 41. Rxf8+ Kxf8 42. Qa8+ Qe8 43. Bxg7+ Kxg7 44. Qxe8 Qxd3 45. h4 Nd4 46. Qa8 Nf3+ 47. Kh3 h5 48. Qa7 Qf1# 0-1

[Event "BCF-ch U140"]
[Site "Coventry"]
[Date "2015.07.27"]
[Round "1"]
[White "Willow, Hambel M"]
[Black "Robinson, Adam"]
[Result "1/2-1/2"]
[WhiteElo "122"]
[BlackElo "138"]
[PlyCount "74"]
[EventDate "2015.07.27"]
[EventType "swiss"]
[EventRounds "5"]
[EventCountry "ENG"]
[SourceTitle "EXT 2016"]
[Source "ChessBase"]
[SourceDate "2015.10.08"]
[SourceVersion "1"]
[SourceVersionDate "2015.10.08"]
[SourceQuality "1"]

1. d4 Nf6 2. c4 e5 3. dxe5 Ng4 4. Bf4 Bb4+ 5. Nd2 Nc6 6. Ngf3 Qe7 7. a3 Ngxe5 8. Nxe5 Nxe5 9. e3 Bxd2+ 10. Qxd2 d6 11. Be2 Bd7 12. Rc1 0-0 13. 0-0 Bc6 14. b4 Rfe8 15. b5 Be4 16. f3 Bg6 17. Bg3 h6 18. e4 Rad8 19. Rce1 f6 20. Bxe5 dxe5 21. Qc3 Qc5+ 22. Kh1 Rd4 23. Rd1 Red8 24. Qb4 Qxb4 25. axb4 Bf7 26. c5 Kf8 27. Ra1 Rd2 28. Rfd1 Rxd1+ 29. Rxd1 Rxd1+ 30. Bxd1 Bc4 31. Ba4 Ke7 32. Kg1 g6 33. Kf2 f5 34. g4 Kf6 35. h4 fxg4 36. fxg4 Ke7 37. Ke3 Kf6 1/2-1/2